| 000 | 01022nam a2200265Ia 4500 | ||
|---|---|---|---|
| 005 | 20250613084551.0 | ||
| 008 | 130821s2011 xxuab gr eng | ||
| 020 | _a9780745331027 | ||
| 040 |
_aCo-BoUCM _bspa _cDavid Moreno _dDavid Moreno |
||
| 041 | 0 | 0 | _aeng |
| 100 | 1 |
_aShahzad, Syed Saleem _d1970-2011. _9160667 |
|
| 245 | 1 | 0 |
_aInside Al-Qaeda and the Taliban beyond Bin Laden and 9/11 _cSyed Saleem Shahzad |
| 260 |
_aNueva York (Estados Unidos) _bPluto Press _c2011 |
||
| 300 |
_axx, 260 Páginas _bmapas |
||
| 500 | _aIncluye índice. | ||
| 610 | 2 | 0 |
_aQaida _94596 |
| 610 | 2 | 0 |
_aTaliban. _936582 |
| 650 | 0 | 4 |
_aIslam y política _9128772 |
| 650 | 0 | 4 |
_aIslamismo _xAspectos políticos _918035 |
| 650 | 0 | 4 |
_aProblemas sociales _922324 |
| 650 | 0 | 4 |
_aTerrorismo _xAspectos religiosos _928987 |
| 856 | 4 | 1 |
_zConsulte las tablas de contenido haciendo clic aquí _uhttp://www.loc.gov/catdir/enhancements/fy1117/2011283603-t.html |
| 942 |
_cLIBRO _a6 _e1 _mS525i _2DEWEY _h320.12 _n0 |
||
| 999 |
_c40491 _d40491 |
||